Library of the University of Algiers 3
Ibrahim Sultan Cheibout
شعار جامعة الجزائر 3
مكتبة جامعة الجزائر 3
إبراهيم سلطان شيبوط

التفاضل والتكامل ج2 / (رقم التسجيلة. 42181)

تفاصيل مارك
000 -LEADER
fixed length control field 01082nam a2200241Ia 4500
003 - CONTROL NUMBER IDENTIFIER
control field Ost
005 - DATE AND TIME OF LATEST TRANSACTION
control field 20260507075013.0
008 - FIXED-LENGTH DATA ELEMENTS--GENERAL INFORMATION
fixed length control field 260507s9999||||xx |||||||||||||| ||und||
020 ## - INTERNATIONAL STANDARD BOOK NUMBER
International Standard Book Number 9959290301
040 ## - CATALOGING SOURCE
Transcribing agency fsecg
041 ## - LANGUAGE CODE
Language code of text/sound track or separate title ara
082 ## - DEWEY DECIMAL CLASSIFICATION NUMBER
Classification number 515
100 ## - MAIN ENTRY--PERSONAL NAME
Personal name جهيمة، رمضان محمد
Relator term مؤلف
245 #0 - TITLE STATEMENT
Title التفاضل والتكامل ج2 /
Statement of responsibility, etc. رمضان محمد جهيمة
250 ## - EDITION STATEMENT
Edition statement طبعة 3
260 ## - PUBLICATION, DISTRIBUTION, ETC.
Place of publication, distribution, etc. طرابلس:
Name of publisher, distributor, etc. دار الكتاب الجديدة المتحدة,
Date of publication, distribution, etc. 2001
300 ## - PHYSICAL DESCRIPTION
Extent 520 صفحة؛
Other physical details إيضاحات ؛
Dimensions 25 سم
520 ## - SUMMARY, ETC.
Summary, etc. التفاضل الجزئي-التكامل الثنائي-التكامل الثلاثي-بعض عناصر التفاضل والتكامل المتجه-المتتاليات والمتسلسلات اللانهائية-بعض عناصر المعادلات التفاضلية العادية
653 ## - INDEX TERM--UNCONTROLLED
Uncontrolled term التفاضل والتكامل
653 ## - INDEX TERM--UNCONTROLLED
Uncontrolled term المعادلات التفاضلية
700 ## - ADDED ENTRY--PERSONAL NAME
Personal name هب الريح، احمد عبد العالي
Relator term مؤلف ثانوي
942 ## - ADDED ENTRY ELEMENTS (KOHA)
Koha item type كتب
المقتنيات
Withdrawn status Lost status Source of classification or shelving scheme Damaged status Not for loan Home library Current library Date acquired Serial enumeration / chronology Inventory number Total checkouts Full call number Barcode Date last seen Price effective from Koha item type
    Dewey Decimal Classification   NOT LOAN / إعارة داخلية مكتبة كلية العلوم الإقتصادية والعلوم التجارية وعلوم التسيير مكتبة كلية العلوم الإقتصادية والعلوم التجارية وعلوم التسيير 07/05/2026 الطابق الأرضي 36945   أ/23ج2ن1 36945 07/05/2026 07/05/2026 كتب
    Dewey Decimal Classification   Available مكتبة كلية العلوم الإقتصادية والعلوم التجارية وعلوم التسيير مكتبة كلية العلوم الإقتصادية والعلوم التجارية وعلوم التسيير 07/05/2026 الطابق الأرضي 37310   أ/23ج2ن2 37310 07/05/2026 07/05/2026 كتب
    Dewey Decimal Classification   Available مكتبة كلية العلوم الإقتصادية والعلوم التجارية وعلوم التسيير مكتبة كلية العلوم الإقتصادية والعلوم التجارية وعلوم التسيير 07/05/2026 الطابق الثاني 37675   أ/23ج2ن3 37675 07/05/2026 07/05/2026 كتب
    Dewey Decimal Classification   Available مكتبة كلية العلوم الإقتصادية والعلوم التجارية وعلوم التسيير مكتبة كلية العلوم الإقتصادية والعلوم التجارية وعلوم التسيير 07/05/2026 الطابق الثاني 38040   أ/23ج2ن4 38040 07/05/2026 07/05/2026 كتب

موارد الويب المفتوحة


© University of Algiers 3 All Rights Reserved
|
Implemented by LECHELAH Riad